000 00539nam a2200193Ia 4500
008 101110s9999 xx 000 0 und d
041 _aENGLISH
082 _bSR8001
_a657
100 _aChokshi M.M.
245 _aPrinciples and Practice in Double entry book-keeping
365 _b12.5
520 _aCommerce
546 _aENGLISH
630 _aPrinciples and Practice in Double entry book-keeping
650 _aCommerce
655 _aCommerce
730 _aPrinciples and Practice in Double entry book-keeping
942 _cBOOK
999 _c803538
_d803535